000 00712nam a2200229Ia 4500
005 20220120175701.0
008 210716s2004 xx 000 0 und d
020 _a8120324528
040 _cAIMIT LIBRARY
041 _aeng
082 _a001.42
_21
_bPANR
100 _aPanneerselvam R.
_914094
245 _aResearch methodology.
_cby R. Panneerselvam
250 _a1st. ed . -
260 _aNew Delhi:
_bPrentice Hall of India Private Limited,
_c2004
300 _axvi,639p. ; 23.3 cm.
650 _aResearch Methodology.
_914095
650 _aProbability Distributions.
_914096
650 _aNonparametric Tests.
_914097
650 _aAlgorithmic Research.
_914098
942 _2ddc
_cBK
_e1st
_k001.42 PANR
999 _c198865
_d198865